000 00745nam a2200217 4500
001 81703
003 BD-RjUL
005 20230816153739.0
008 230816s1959 p ||||| |||| 00| 1 urd d
035 _a(BD-RjUL)81703
040 _aBD-RjUL
_beng
_cBD-RjUL
041 _aurd
082 _223
_a891.4393
_bSAM 1959
100 _aSarhdi., Amanullah Khan Arman ;; سرحدی٫ امان اللہ خان ارمان
_98378
245 1 0 _aمشاہیر کے رومان ;; Mashahi ke Ruman /
_cامان اللہ خان ارمان سرحدی ;; Amanullah Khan Arman Sarhaddi
260 _aLahore :
_bKitab Manjil,
_c1959
300 _a372 p. :
_bill. ;
_c23 cm.
650 _aUrdu Fiction
_94172
650 _aUrdu Literature
942 _2ddc
_cBK
999 _c81703
_d81703